Представление документа в формате MARC21

Поле Инд. ПП Название Значение
Тип записи a
Библиографический уровень b
001 Контрольный номер RU/IS/BASE/264552741
005 Дата корректировки 20200601191432.8
008 Кодируемые данные 19951030
084 a Индекс другой классификации/Индекс ББК 60.561.3
097 00 a 750
100 10 a Автор Амелин В. Н.
100 1_ a Автор Соул Дж.
100 1_ a Автор Кулик А. Н.
245 00 a Заглавие Социально-политические ориентации депутатов Государственной Думы России
650 a Основная рубрика политическая социология
a Основная рубрика социология
653 00 a Ключевые слова выборы
a Ключевые слова Государственная дума РФ
a Ключевые слова депутаты
a Ключевые слова Россия
773 00 t Заглавие источника Социально-политический журнал
d Дата издания источника 1995
g Прочая информация № 2. - С. 33 - 46
w Контрольный № источника RU/IS/BASE/141310091
901 t Тип документа b